Ứng dụng một số phương pháp địa vật lý để xây dựng mô hình ba chiều cấu trúc địa chất khu vực Thanh Đa phục vụ phòng tránh sụp lở và xây dựng công trình : Luận văn thạc sĩ vật lý. Chuyên ngành : Vật lý kỹ thuật
Luận văn trình bày tổng quan lịch sử phá triển địa chất khu vực Thanh Đa, khảo sát cấu trúc địa chất khu vực Thanh Đa bằng các phương pháp địa vật lý. Xây dựng mô hình ba chiều (3D) cấu trúc địa chất khu vực Thanh Đa trong phòng tránh sụp lở...
Guardado en:
| Autor principal: | |
|---|---|
| Formato: | Libro |
| Lenguaje: | Undetermined |
| Publicado: |
Cần Thơ
Trường Đại học Cần Thơ
2010
|
| Materias: | |
| Etiquetas: |
Agregar Etiqueta
Sin Etiquetas, Sea el primero en etiquetar este registro!
|
| Thư viện lưu trữ: | Trung tâm Học liệu Trường Đại học Cần Thơ |
|---|
| LEADER | 01545nam a2200217Ia 4500 | ||
|---|---|---|---|
| 001 | CTU_157361 | ||
| 008 | 210402s9999 xx 000 0 und d | ||
| 082 | |a 910.285 | ||
| 082 | |b H125 | ||
| 088 | |a 60440103 | ||
| 100 | |a Nguyễn, Thái Hậu | ||
| 245 | 0 | |a Ứng dụng một số phương pháp địa vật lý để xây dựng mô hình ba chiều cấu trúc địa chất khu vực Thanh Đa phục vụ phòng tránh sụp lở và xây dựng công trình : | |
| 245 | 0 | |b Luận văn thạc sĩ vật lý. Chuyên ngành : Vật lý kỹ thuật | |
| 245 | 0 | |c Nguyễn Thái Hậu; Lê Ngọc Thanh (Hướng dẫn khoa học) | |
| 260 | |a Cần Thơ | ||
| 260 | |b Trường Đại học Cần Thơ | ||
| 260 | |c 2010 | ||
| 520 | |a Luận văn trình bày tổng quan lịch sử phá triển địa chất khu vực Thanh Đa, khảo sát cấu trúc địa chất khu vực Thanh Đa bằng các phương pháp địa vật lý. Xây dựng mô hình ba chiều (3D) cấu trúc địa chất khu vực Thanh Đa trong phòng tránh sụp lở và xây dựng công trình. | ||
| 650 | |a Global Positioning System,Geographic information systems,Graphical user interfaces (Computer systems),Hệ thống định vị toàn cầu,Hệ thống thông tin địa lý,Hệ giao tiếp đồ họa | ||
| 904 | |i Năm | ||
| 980 | |a Trung tâm Học liệu Trường Đại học Cần Thơ | ||